| 000 | 00642nam a2200181 a 4500 | ||
|---|---|---|---|
| 008 | 060316s1969 ||||||||||||||||| || u | ||
| 020 | _a0471165794 | ||
| 050 | _aDT 31 Par | ||
| 100 | _aCollins, Robert O | ||
| 245 | 1 | 4 |
_aThe partition of Africa: illusion or necessity? _cedited by Robert O. Collins |
| 260 |
_aNew York : _bJohn Wiley and Sons _c1969 |
||
| 300 | _axi, 239 p. | ||
| 350 | _a0.00 | ||
| 490 | _aMajor issues in history | ||
| 500 | _aBibliography | ||
| 650 | _aTEXTBOOKS | ||
| 995 |
_D0.00 _FCBU-MAIN LIBRARY (Kitwe) _H1 _I8.95 _UAVAILABLE _ZMain Library Open Access Collection |
||
| 999 |
_c53149 _d53149 |
||